| 000 | 01211nam a2200325 c 4500 | ||
|---|---|---|---|
| 999 |
_c10938 _d10938 |
||
| 003 | BLK | ||
| 005 | 20230928145141.0 | ||
| 008 | 180412b bul|||||r ||||||| ||bul|| | ||
| 010 | _aKNG00012452000 | ||
| 040 | _aBLK | ||
| 041 |
_aBUL _cBUL |
||
| 080 |
_aБългарска литература _b821.163.2 _x-31 _z821.163.2-31 |
||
| 100 | 1 |
_aЛюцканова, Весела _qИванова, Весела Люцканова _9382271 |
|
| 139 |
_aЛюцканова, Весела _bЛ 97 |
||
| 245 | 1 | 0 |
_aКлонинги _cВесела Люцканова. |
| 245 | 1 | 0 |
_aКлонингите се завръщат _bРомани |
| 257 | _aBGR | ||
| 260 |
_bВесела Люцканова _c1996 _fВ. Търново: Абагар _9209472 _n978-954-311- ; 954-8453- |
||
| 300 |
_a320 с. _c20 см |
||
| 380 | _aX | ||
| 490 | 1 | _aКолекция Автограф | |
| 500 | _aПълното име на авт. е Весела Люцканова Иванова. - 2 000 тир. | ||
| 852 | _aЦб 188021 | ||
| 856 | 4 |
_qpdf _u |
|
| 856 | 4 |
_qpdf _u |
|
| 942 |
_cKNG _n0 _01 |
||
| 944 |
_aCR _c15.01.2003 _k30576 _lЦветомила Тодорова |
||
| 944 |
_aED _c22.02.2018 _kТеодора_Стоянова |
||
| 999 | _d10938 | ||